Le reading del mon Seignior Coke : sur l'estatute de 27. E. 1., appelle l'estatute de Finibus Lexatis.

Bibliographic Details
Main Author: Coke, Edward, Sir, 1552-1634
Format: Book
Language:Latin
Published: London : Excudebat T.R., sumptibus G. Lee, D. Pakemon & Gabr. Bedell, Anno Dom. 1662.
Series:Early English books, 1641-1700 ; 1202:17.
Subjects:

MARC

Tag First Indicator Second Indicator Subfields
LEADER 00000cam a2200000 a 4500
001 in00000893713
005 20150923132404.0
008 811107r19811662miu a 00010 lat d
035 |a (OCoLC)07915853 
035 |9 AEL1699AM 
037 |a CL0037000040  |b University Microfilms International 
037 |b University Microfilms International, 300 N. Zeeb Rd., Ann Arbor, MI 48106 
040 |a UMI  |c UMI  |d m/c  |d UtOrBLW 
043 |a e-uk--- 
049 |a TXAI 
090 |a KD7885.F5  |b A62 
099 |a film   |a  B   |a  3609 
100 1 |a Coke, Edward,  |c Sir,  |d 1552-1634. 
245 1 3 |a Le reading del mon Seignior Coke :  |b sur l'estatute de 27. E. 1., appelle l'estatute de Finibus Lexatis. 
264 1 |a London :  |b Excudebat T.R., sumptibus G. Lee, D. Pakemon & Gabr. Bedell,  |c Anno Dom. 1662. 
300 |a 3 unnumbered pages, 46 pages 
336 |a text  |b txt  |2 rdacontent 
337 |a microform  |b h  |2 rdamedia 
338 |a microfilm reel  |b hd  |2 rdacarrier 
500 |a Reproduction of original in the Cambridge University Library. 
510 4 |a Wing  |c C4943. 
533 |a Microfilm.  |b Ann Arbor, Mich. :  |c University Microfilms International,  |d 1981.  |e 1 microfilm reel ; 35 mm.  |f (Early English books, 1641-1700 ; 1202:17) 
500 |a Microform. 
650 0 |a Fines and recoveries  |z Great Britain. 
830 0 |a Early English books, 1641-1700 ;  |v 1202:17. 
999 |a MARS 
999 f f |s 288d8d29-2e71-3039-9923-575ef3682a5e  |i f754d866-1b06-371f-8563-9960846a8f66  |t 0 
952 f f |p default  |a Texas A&M University  |b College Station  |c Sterling C. Evans Library  |d Evans: Microforms (3rd floor)  |t 0  |e film B 3609 1202:17  |h Other scheme  |i microform -- microfilm reel 
998 f f |a film B 3609 1202:17  |t 0  |l Evans: Microforms (3rd floor)